| 000 | 00878cam a22002775a 4500 | ||
|---|---|---|---|
| 001 | 017752383 | ||
| 003 | OSt | ||
| 005 | 20161011155257.0 | ||
| 008 | 150520s2014 cc a fr 000 0 eng d | ||
| 020 | _a9787508527932 | ||
| 020 | _a7508527933 | ||
| 040 |
_aMNU _beng _cMNU _dOCLCF _dUk _dEG-ScBUE |
||
| 041 | 1 |
_aeng _hchi |
|
| 043 | _aa-cc--- | ||
| 082 | 0 | 4 |
_222 _a320.0951 _bZHA |
| 100 | 1 |
_aZhang, Qingmin, _d1966- _941461 |
|
| 245 | 1 | 0 |
_aContemporary China's diplomacy / _cby Zhang Qingmin. |
| 260 |
_a[Beijing] : _bChina Intercontinental Press, _c2014. |
||
| 300 |
_a217 p. : _bill. ; _c23 cm. |
||
| 490 | 1 | _aContemporary China. | |
| 546 | _aText in English ; translated from original Chinese. | ||
| 651 | 7 |
_aChina _xForeign relations _y1976- _2BUEsh _99339 |
|
| 651 | 0 |
_aChina _xForeign relations _y21st century. _2BUEsh _941462 |
|
| 653 |
_bBUSBOL _cOctober2016 |
||
| 942 | _2ddc | ||
| 999 |
_c22519 _d22491 |
||